Cribado del trastorno límite de la personalidad por medio de aprendizaje automático /
Estudio sobre cómo con modelos de clasificación mediante aprendizaje automático se pueden generar bases de datos demográficas que permitan identificar en una población las personas con mayor probabilidad de desarrollar trastorno límite de la personalidad.
Sábháilte in:
| Príomhchruthaitheoir: | |
|---|---|
| Formáid: | Tráchtas LEABHAR |
| Teanga: | Spáinnis |
| Foilsithe / Cruthaithe: |
Guadalajara, México :
edición de autor,
2021
|
| Ábhair: | |
| Rochtain ar líne: | Ver documento en línea |
| Clibeanna: |
Níl clibeanna ann, Bí ar an gcéad duine le clib a chur leis an taifead seo!
|
MARC
| LEADER | 00000nam^a2200000^a^4500 | ||
|---|---|---|---|
| 001 | 000585899 | ||
| 005 | 20251023000000.0 | ||
| 009 | 20260310132738.927 | ||
| 037 | |a Acervo ITESO - Biblioteca | ||
| 041 | |a ESP | ||
| 090 | |a MDT. 11 | ||
| 100 | |a Reyes Trejo, Jessica Araceli |e (autor) | ||
| 245 | 1 | 0 | |a Cribado del trastorno límite de la personalidad por medio de aprendizaje automático / |c J.A. Reyes Trejo. |
| 264 | 1 | |a Guadalajara, México : |b edición de autor, |c 2021 | |
| 300 | |a 1 tesis electrónica en línea (62 p.) | ||
| 300 | |a 1 recurso en línea | ||
| 336 | |a datos para computadora |b cod |2 rdacontenido | ||
| 337 | |a computadora |b c |2 rdamedio | ||
| 338 | |a recurso en línea |b cr |2 rdasoporte | ||
| 502 | |a ITESO Tesis de Maestría en Ciencia de Datos | ||
| 520 | |a Estudio sobre cómo con modelos de clasificación mediante aprendizaje automático se pueden generar bases de datos demográficas que permitan identificar en una población las personas con mayor probabilidad de desarrollar trastorno límite de la personalidad. | ||
| 649 | |a XX | ||
| 650 | |a Redes Neurales - |x Prueba y Medición | ||
| 650 | |a Redes Neurales - |x Diseño y Construcción | ||
| 650 | |a Aprendizaje Automático (Inteligencia Artificial) - |x Tema Principal | ||
| 650 | |a Inteligencia Artificial | ||
| 650 | |a Modelos Predictivos | ||
| 650 | |a Análisis de Datos | ||
| 650 | |a Proceso de Datos | ||
| 650 | |a Bases de Datos | ||
| 650 | |a Trastornos Limítrofes - |x Diagnóstico - |x Tema Principal | ||
| 650 | |a Trastornos de la Personalidad | ||
| 650 | |a Enfermedades - |x Diagnóstico | ||
| 650 | |a Psicopatología - |x Diagnóstico | ||
| 650 | |a Salud Mental | ||
| 650 | |a Psicología Clínica | ||
| 650 | |a Estadística | ||
| 650 | |a Ciencia de Datos | ||
| 650 | |a Ingeniería Computacional | ||
| 856 | 4 | 0 | |u https://rei.iteso.mx/handle/11117/7732 |y Ver documento en línea |
| 910 | |a Fondo General | ||
| 920 | |a Electrónicos - Tesis del ITESO en Línea | ||
| 930 | |a Repositorio Institucional | ||
| 905 | |a 201 | ||
| 901 | |a 585899-1 |b IT2 |c ETI |u 20250521 | ||
| 902 | |a https://opac.biblio.iteso.mx/vufind/Record/000585899 | ||